000 00623nam a22002297a 4500
003 UA-OsUOA
001 108416
007 ta
008 20141020b un ||||| |||| 00| 0 ukr d
100 _aАндреященко Е.
700 _aЗаздравных А.
090 _a330
_bА65
942 _cSA
040 _aUA-OsUOA
_brus
_cUA-OsUOA
_dUA-OsUOA
245 _aК вопросу о методологии анализа картельных соглашений
300 _aС.53-65
955 _a0
041 _arus
080 _a330
773 0 _w108414
650 7 _a330 Економіка взагалі
_2UDC
999 _c394851
_d394851